| 000 | 01199nam a2200241Ia 4500 | ||
|---|---|---|---|
| 999 |
_c39836 _d39836 |
||
| 001 | 6441 | ||
| 003 | GE_BSU | ||
| 005 | 20190528202209.0 | ||
| 008 | 181216s1974||||ge |||||||||||||| ||geo|| | ||
| 040 | _cGE_BSU | ||
| 041 | _ageo | ||
| 080 | _a54+546(076) ლ-13 | ||
| 245 |
_aლაბორატორიული სამუშაოები ზოგად და არაორგანულ ქიმიაში : ნაწილი პირველი / _cშემდგ : პ.გაგნიძე ; ლ.რურუა ; თ.ჭყონია ; რედ : მ. ძიძიგური. |
||
| 264 |
_aთბილისი : _bსაქ.პოლიტექ.ინ-ტი, _c1974. |
||
| 300 |
_a56 გვ .: _c20 სმ. |
||
| 653 | _aზოგადი და არაორგანული ქიმია. | ||
| 653 | _aქიმია | ||
| 700 |
_aგაგნიძე, პ _eშემდგენელი _91784 |
||
| 700 |
_aრურუა, ლ _eშემდგენელი _91785 |
||
| 700 |
_aჭყონია,თ _eშემდგენელი _91786 |
||
| 700 |
_4ძიძიგური, მ _dრედაქტორი _91787 |
||
| 942 |
_cBK _2udc |
||